[Event "DEM U12w 2018"]
[Site "Willingen GER"]
[Date "2018.05.25"]
[Round "10"]
[White "Petersen, Sophie"]
[Black "Lorenz, Anouk"]
[Result "0-1"]
[Termination "normal"]
[Board "12"]
[WhiteElo "1431"]
[BlackElo "1310"]
[PlyCount "120"]
[WhiteFideId "16229380"]
[BlackFideId "12990256"]
[EventCountry "GER"]
[EventRounds "11"]
[EventType "swiss"]
[EventDate "2018.05.19"]

1. e4 c5 2. Nf3 Nc6 3. d4 cxd4 4. Nxd4 g6 5. Nc3 Bg7 6. Nb3 Nf6 7. Be2 O-O 8.
O-O a6 9. Re1 b5 10. Bf1 d6 11. Bg5 Be6 12. a4 b4 13. Nd5 Bxd5 14. exd5 Ne5 15.
Rb1 Ned7 16. c4 bxc3 17. bxc3 Nb6 18. c4 Nxa4 19. Qc2 Rc8 20. Nd4 Nxd5 21. Qxa4
Nc3 22. Qc2 Nxb1 23. Rxb1 Bxd4 24. Qe4 Bf6 25. Bxf6 exf6 26. Qf3 Kg7 27. Ra1
Qb6 28. Qa3 Rfd8 29. Qxa6 Qxa6 30. Rxa6 d5 31. cxd5 Rxd5 32. Ra1 Rc2 33. f3
Rdc5 34. g4 Rc1 35. Rxc1 Rxc1 36. Kf2 Kf8 37. Bg2 Ke7 38. h4 Ke6 39. Kg3 Rc4
40. Bh3 Ke5 41. h5 h6 42. Bf1 Rd4 43. Bh3 gxh5 44. gxh5 f5 45. Bg2 f4+ 46. Kg4
f5+ 47. Kh3 Rd2 48. Bf1 Rf2 49. Bg2 Kd4 50. Kh2 Ke3 51. Kh3 Rxf3+ 52. Bxf3 Kxf3
53. Kh4 Ke2 54. Kh3 f3 55. Kg3 f2 56. Kg2 f1=Q+ 57. Kh2 Ke3 58. Kg3 Qg1+ 59.
Kh4 Kf3 60. Kh3 Qg3# 0-1

[Event "DEM U12w 2018"]
[Site "Willingen GER"]
[Date "2018.05.25"]
[Round "10"]
[White "Derling, Charlotte"]
[Black "Heckler, Florentine"]
[Result "1/2-1/2"]
[Termination "normal"]
[Board "13"]
[WhiteElo "1449"]
[BlackElo "1284"]
[PlyCount "40"]
[WhiteFideId "16222237"]
[BlackFideId "16240316"]
[EventCountry "GER"]
[EventRounds "11"]
[EventType "swiss"]
[EventDate "2018.05.19"]

1. e4 c5 2. Nf3 Nc6 3. Nc3 d6 4. Bc4 Nf6 5. O-O Bg4 6. h3 Bh5 7. Be2 d5 8. exd5
Nxd5 9. Nxd5 Qxd5 10. d3 e6 11. Bd2 Bd6 12. Bc3 f6 13. Bd2 Ne5 14. c4 Nxf3+ 15.
Bxf3 Bxf3 16. Qxf3 Qxf3 17. gxf3 O-O 18. Rfe1 Rfe8 19. Rad1 Rad8 20. Ba5 b6
1/2-1/2

[Event "DEM U12w 2018"]
[Site "Willingen GER"]
[Date "2018.05.25"]
[Round "10"]
[White "Hubert, Charlotte"]
[Black "Buchholz, Maja"]
[Result "0-1"]
[Termination "normal"]
[Board "14"]
[WhiteElo "1219"]
[BlackElo "1320"]
[PlyCount "86"]
[WhiteFideId "16265920"]
[BlackFideId "16200500"]
[EventCountry "GER"]
[EventRounds "11"]
[EventType "swiss"]
[EventDate "2018.05.19"]

1. e4 c5 2. Nf3 d6 3. c3 Nf6 4. Bb5+ Bd7 5. Bxd7+ Qxd7 6. d3 g6 7. O-O Bg7 8.
h3 O-O 9. Be3 Nc6 10. Nbd2 b5 11. d4 cxd4 12. cxd4 Rac8 13. Rc1 Qb7 14. Re1 Nb4
15. Qb3 a5 16. e5 dxe5 17. dxe5 Nd7 18. e6 Ne5 19. Rxc8 Rxc8 20. exf7+ Nxf7 21.
Ng5 Qd5 22. Qxd5 Nxd5 23. Nxf7 Nxe3 24. Rxe3 Kxf7 25. Ra3 {(=)} Bxb2 26. Rb3
Bc1 27. Nf3 b4 28. Ne5+ Ke8 29. Nd3 Bg5 30. Kf1 Bf6 31. Ke1 Rc2 32. Kd1 Rxa2
33. Kc1 Ra1+ 34. Kc2 Bd4 35. f3 Rg1 36. Nf4 Bc3 37. Rb1 Rxb1 38. Kxb1 Kd7 39.
Ne2 Bf6 40. Ka2 a4 41. Nc1 Kc6 42. Kb1 Kd5 43. Kc2 Kc4 0-1

[Event "DEM U12w 2018"]
[Site "Willingen GER"]
[Date "2018.05.25"]
[Round "10"]
[White "Shapiro, Nina"]
[Black "Voigt, Anastasia"]
[Result "0-1"]
[Termination "normal"]
[Board "15"]
[WhiteElo "1281"]
[BlackElo "1281"]
[PlyCount "54"]
[WhiteFideId "16260007"]
[BlackFideId "16235223"]
[EventCountry "GER"]
[EventRounds "11"]
[EventType "swiss"]
[EventDate "2018.05.19"]

1. e4 e5 2. Bc4 Nf6 3. d3 c6 4. Nf3 d5 5. Bb3 Bd6 6. exd5 cxd5 7. O-O O-O 8.
Nc3 Bc7 9. Re1 Nc6 10. Bg5 Be6 11. Bxf6 gxf6 12. Qd2 Ne7 13. h3 Ba5 14. Re2 d4
15. Bxe6 fxe6 16. Re4 dxc3 17. Rg4+ Kh8 18. Qh6 Nf5 19. Qc1 Rg8 20. Ra4 Qb6 21.
bxc3 Qc7 22. Rb1 Bb6 23. Rc4 Qf7 24. Nh4 Ng3 25. Qh6 Nf5 26. Qd2 Qh5 27. Nf3
Qxf3 0-1

[Event "DEM U12w 2018"]
[Site "Willingen GER"]
[Date "2018.05.25"]
[Round "10"]
[White "Wimmer, Katharina"]
[Black "Adelmeyer, Nelly"]
[Result "0-1"]
[Termination "normal"]
[Board "16"]
[WhiteElo "1169"]
[BlackElo "1416"]
[PlyCount "116"]
[WhiteFideId "16265947"]
[BlackFideId "16203577"]
[EventCountry "GER"]
[EventRounds "11"]
[EventType "swiss"]
[EventDate "2018.05.19"]

1. e4 c5 2. Nf3 d6 3. d3 Nc6 4. g3 Bg4 5. Bg2 Nf6 6. h3 Bd7 7. c4 g6 8. Be3 Bg7
9. Qd2 O-O 10. Bh6 e6 11. Bxg7 Kxg7 12. O-O Qc7 13. Nc3 a6 14. a4 Nd4 15. Nxd4
cxd4 16. Ne2 e5 17. b4 b5 18. cxb5 axb5 19. Rfc1 Qb7 20. a5 Rfc8 21. Qa2 Be6
22. Qa3 d5 23. f3 dxe4 24. fxe4 Qd7 25. Kh2 Rc6 26. Rc5 Rxc5 27. bxc5 Qc7 28.
Qb4 Nd7 29. Qxb5 Qxc5 30. Qxc5 Nxc5 31. Nc1 Nb7 32. a6 Nc5 33. a7 Nb7 34. Ra6 {
(=)} Nd8 35. h4 Bc8 36. Rd6 Nb7 37. Rc6 Nd8 38. Rd6 Ne6 39. Rc6 Bb7 40. Rb6
Rxa7 41. Bh3 Bc8 42. g4 Rc7 43. Nb3 Nf4 44. Bf1 Bxg4 45. Rb5 Be6 46. Nc5 Kf6
47. Kg3 Ra7 48. Nxe6 Nxe6 49. Be2 Nf4 50. Bf1 Ra1 51. Kf2 Ra3 52. Rb6+ Kg7 53.
Rb5 Ra2+ 54. Kg3 Nxd3 55. Bxd3 Ra3 56. Kg4 h5+ 57. Kf3 Rxd3+ 58. Ke2 Re3+ 0-1

[Event "DEM U12w 2018"]
[Site "Willingen GER"]
[Date "2018.05.25"]
[Round "10"]
[White "Kumas, Alina"]
[Black "von Rosen, Anna"]
[Result "1/2-1/2"]
[Termination "normal"]
[Board "18"]
[WhiteElo "1157"]
[BlackElo "1395"]
[PlyCount "57"]
[WhiteFideId "16235789"]
[BlackFideId "12982997"]
[EventCountry "GER"]
[EventRounds "11"]
[EventType "swiss"]
[EventDate "2018.05.19"]

1. e4 e5 2. Nf3 Nc6 3. d4 exd4 4. Nxd4 Nf6 5. Nc3 Bc5 6. Nb3 Bb4 7. Qe2 d6 8.
Bd2 O-O 9. O-O-O Bxc3 10. Bxc3 Re8 11. h3 Nxe4 12. Qf3 Nxc3 13. Qxc3 Bf5 14. g4
Bg6 15. f4 h6 16. f5 Bh7 17. Rg1 Qg5+ 18. Kb1 Qe3 19. Qxe3 Rxe3 20. a3 Rae8 21.
Bg2 g6 22. Kc1 gxf5 23. Bxc6 bxc6 24. gxf5+ Kh8 25. f6 Rxh3 26. Rde1 Rxe1+ 27.
Rxe1 Rf3 28. Re8+ Bg8 29. Re7 1/2-1/2

[Event "DEM U12w 2018"]
[Site "Willingen GER"]
[Date "2018.05.25"]
[Round "10"]
[White "Alhassan, Jodi"]
[Black "Gossing, Marie-Sophie"]
[Result "0-1"]
[Termination "normal"]
[Board "20"]
[WhiteElo "1114"]
[BlackElo "1309"]
[PlyCount "70"]
[WhiteFideId "16250460"]
[BlackFideId "16217284"]
[EventCountry "GER"]
[EventRounds "11"]
[EventType "swiss"]
[EventDate "2018.05.19"]

1. e4 e5 2. Nf3 Nf6 3. Nxe5 d6 4. Nf3 Nxe4 5. Qe2 Qe7 6. d3 Nf6 7. Qxe7+ Bxe7
8. Be2 Nc6 9. Bg5 Bg4 10. c3 O-O 11. O-O Rfe8 12. Nbd2 Ne5 13. d4 Ng6 14. h3
Bd7 15. b4 Nd5 16. Rac1 Bxg5 17. Nxg5 Rxe2 18. Rfd1 Ngf4 19. a3 Nd3 20. Rc2
Rxf2 21. Rf1 Rxf1+ 22. Nxf1 Re8 23. Nf3 h6 24. c4 Ne3 25. Nxe3 Rxe3 26. Rc3 Bf5
27. c5 dxc5 28. bxc5 Re6 29. Rb3 Nf4 30. Rxb7 Rg6 31. g4 Nxh3+ 32. Kh2 Bxg4 33.
Rb8+ Kh7 34. Nh4 Ra6 35. Rc8 Bxc8 0-1

[Event "DEM U12w 2018"]
[Site "Willingen GER"]
[Date "2018.05.26"]
[Round "11"]
[White "Bashylina, Luisa"]
[Black "Bildat, Emilia"]
[Result "1-0"]
[Termination "normal"]
[Board "1"]
[WhiteElo "1764"]
[BlackElo "1460"]
[WhiteClock "00:58:37"]
[BlackClock "00:56:43"]
[PlyCount "83"]
[WhiteFideId "12983292"]
[BlackFideId "16218140"]
[EventCountry "GER"]
[EventRounds "11"]
[EventType "swiss"]
[EventDate "2018.05.19"]

1. e4 {[%clk 1:15:58]} 1... e5 {[%clk 1:15:54]} 2. Nf3 {[%clk 1:16:25]} 2...
Nc6 {[%clk 1:16:19]} 3. Bb5 {[%clk 1:16:52]} 3... Bc5 {[%clk 1:16:17]} 4. O-O {
[%clk 1:16:22]} 4... d6 5. c3 {[%clk 1:14:30]} 5... Bg4 {[%clk 1:15:22]} 6. h3
{[%clk 1:10:40]} 6... Bh5 {[%clk 1:15:24]} 7. d4 {[%clk 1:09:10]} 7... Bxf3 {
[%clk 1:11:14]} 8. gxf3 {[%clk 1:09:27]} 8... exd4 {[%clk 1:11:34]} 9. cxd4 {
[%clk 1:09:52]} 9... Bxd4 {[%clk 1:11:49]} 10. Qxd4 {[%clk 1:10:15]} 10... f6 {
[%clk 1:10:34]} 11. Qd5 {[%clk 1:08:51]} 11... Nge7 {[%clk 1:09:53]} 12. Qe6 {
[%clk 1:09:04]} 12... Qd7 {[%clk 1:09:00]} 13. Qxd7+ {[%clk 1:09:11]} 13...
Kxd7 {[%clk 1:09:24]} 14. Nc3 {[%clk 1:09:19]} 14... a6 {[%clk 1:09:20]} 15.
Ba4 {[%clk 1:08:49]} 15... b5 {[%clk 1:09:06]} 16. Bd1 {[%clk 1:07:37]} 16...
f5 {[%clk 1:08:29]} 17. Be3 {[%clk 1:04:08]} 17... Ke6 {[%clk 1:07:07]} 18.
Bb3+ {[%clk 1:03:31]} 18... Ke5 {[%clk 1:06:27]} 19. f4+ {[%clk 1:03:30]} 19...
Kf6 {[%clk 1:06:49]} 20. Nd5+ {[%clk 1:03:50]} 20... Nxd5 {[%clk 1:06:40]} 21.
Bxd5 {[%clk 1:04:12]} 21... Ne7 {[%clk 1:04:30]} 22. Bxa8 {[%clk 1:04:35]}
22... Rxa8 {[%clk 1:04:52]} 23. Bd4+ {[%clk 1:04:33]} 23... Kf7 {[%clk 1:04:54]
} 24. f3 {[%clk 1:04:33]} 24... Nc6 {[%clk 1:05:02]} 25. Be3 {[%clk 1:04:46]}
25... Nb4 {[%clk 1:05:09]} 26. Rac1 {[%clk 1:04:31]} 26... c5 {[%clk 1:05:04]}
27. e5 {[%clk 1:03:39]} 27... dxe5 {[%clk 1:02:21]} 28. fxe5 {[%clk 1:02:11]}
28... Nd3 {[%clk 1:02:33]} 29. Rc3 {[%clk 1:01:34]} 29... Nxe5 {[%clk 1:02:16]}
30. Rxc5 {[%clk 1:01:43]} 30... Ke6 {[%clk 1:01:42]} 31. Rc7 {[%clk 1:01:50]}
31... Rg8 {[%clk 1:01:03]} 32. Bd4 {[%clk 1:01:27]} 32... Kd5 {[%clk 0:58:05]}
33. Bxe5 {[%clk 1:01:37]} 33... Kxe5 {[%clk 0:58:29]} 34. Ra7 {[%clk 1:01:20]}
34... Rd8 {[%clk 0:57:43]} 35. Rf2 {[%clk 1:01:02]} 35... Rd6 {[%clk 0:57:19]}
36. Rxg7 {[%clk 1:01:25]} 36... h6 {[%clk 0:57:39]} 37. f4+ {[%clk 1:00:51]}
37... Ke4 {[%clk 0:57:18]} 38. Re7+ {[%clk 1:00:51]} 38... Kd3 {[%clk 0:57:37]}
39. Re1 {[%clk 1:00:15]} 39... Rc6 {[%clk 0:56:30]} 40. Rfe2 {[%clk 0:58:21]}
40... Rg6+ {[%clk 0:56:27]} 41. Kf2 {[%clk 0:58:17]} 41... Rc6 {[%clk 0:56:43]}
42. Rd1+ {[%clk 0:58:37]} 1-0

[Event "DEM U12w 2018"]
[Site "Willingen GER"]
[Date "2018.05.26"]
[Round "11"]
[White "Zhou, Lepu Coco"]
[Black "Butenandt, Svenja"]
[Result "0-1"]
[Termination "normal"]
[Board "2"]
[WhiteElo "1720"]
[BlackElo "1730"]
[WhiteClock "00:19:31"]
[BlackClock "00:10:31"]
[PlyCount "60"]
[WhiteFideId "16217136"]
[BlackFideId "12993859"]
[EventCountry "GER"]
[EventRounds "11"]
[EventType "swiss"]
[EventDate "2018.05.19"]

1. e4 {[%clk 1:15:59]} 1... Nf6 {[%clk 1:15:53]} 2. e5 {[%clk 1:16:02]} 2...
Nd5 {[%clk 1:16:18]} 3. c4 {[%clk 1:16:16]} 3... Nb6 {[%clk 1:16:41]} 4. d4 {
[%clk 1:16:40]} 4... d6 {[%clk 1:17:00]} 5. f4 {[%clk 1:16:09]} 5... dxe5 {
[%clk 1:17:24]} 6. fxe5 {[%clk 1:16:32]} 6... Nc6 {[%clk 1:17:45]} 7. Nf3 {
[%clk 1:16:56]} 7... Bg4 {[%clk 1:18:00]} 8. Be3 {[%clk 1:16:02]} 8... e6 {
[%clk 1:18:24]} 9. Be2 {[%clk 1:14:52]} 9... Bxf3 {[%clk 1:18:01]} 10. gxf3 {
[%clk 1:14:21]} 10... Qh4+ {[%clk 1:17:40]} 11. Bf2 {[%clk 1:14:44]} 11... Qf4
{[%clk 1:17:40]} 12. Nc3 {[%clk 1:11:52]} 12... O-O-O {[%clk 1:17:57]} 13. Qc1
{[%clk 1:07:58]} 13... Qxc1+ {[%clk 1:06:55]} 14. Rxc1 {[%clk 1:08:23]} 14...
Nxd4 {[%clk 1:06:20]} 15. Bxd4 {[%clk 1:08:33]} 15... Rxd4 {[%clk 1:06:45]} 16.
Nb5 {[%clk 1:07:59]} 16... Bb4+ {[%clk 1:06:16]} 17. Kf1 {[%clk 1:06:52]} 17...
Rd2 {[%clk 1:02:32]} 18. a3 {[%clk 1:06:32]} 18... Be7 {[%clk 1:01:13]} 19. c5
{[%clk 1:04:31]} 19... Nd5 {[%clk 0:51:33]} 20. c6 {[%clk 0:59:54]} 20... Rxb2
{[%clk 0:46:25]} 21. Rg1 {[%clk 0:57:06]} 21... Bh4 {[%clk 0:38:16]} 22. Rg3 {
[%clk 0:38:54]} 22... Bxg3 {[%clk 0:37:54]} 23. hxg3 {[%clk 0:39:14]} 23... a6
{[%clk 0:33:32]} 24. Nd4 {[%clk 0:38:17]} 24... b5 {[%clk 0:28:20]} 25. a4 {
[%clk 0:36:23]} 25... bxa4 {[%clk 0:22:11]} 26. Bxa6+ {[%clk 0:36:34]} 26...
Kd8 {[%clk 0:21:08]} 27. Ra1 {[%clk 0:34:16]} 27... Ke7 {[%clk 0:13:58]} 28.
Bb7 {[%clk 0:27:09]} 28... Ne3+ {[%clk 0:12:08]} 29. Kg1 {[%clk 0:25:46]} 29...
Rd8 {[%clk 0:11:26]} 30. Rxa4 {[%clk 0:19:31]} 30... Rd2 {[%clk 0:10:31]} 0-1

[Event "DEM U12w 2018"]
[Site "Willingen GER"]
[Date "2018.05.26"]
[Round "11"]
[White "Wagner, Margarethe"]
[Black "Werner, Rosalie"]
[Result "1-0"]
[Termination "normal"]
[Board "3"]
[WhiteElo "1515"]
[BlackElo "1575"]
[WhiteClock "00:26:25"]
[BlackClock "00:15:34"]
[PlyCount "121"]
[WhiteFideId "16236947"]
[BlackFideId "16223748"]
[EventCountry "GER"]
[EventRounds "11"]
[EventType "swiss"]
[EventDate "2018.05.19"]

1. d4 {[%clk 1:15:59]} 1... e6 {[%clk 1:15:48]} 2. Bf4 {[%clk 1:16:21]} 2... d5
{[%clk 1:16:11]} 3. e3 {[%clk 1:16:37]} 3... Nf6 {[%clk 1:16:36]} 4. Nd2 {
[%clk 1:16:39]} 4... c5 {[%clk 1:16:48]} 5. c3 {[%clk 1:16:46]} 5... Nc6 {
[%clk 1:17:13]} 6. Ngf3 {[%clk 1:16:51]} 6... Bd6 {[%clk 1:17:18]} 7. Bg3 {
[%clk 1:16:45]} 7... O-O {[%clk 1:13:34]} 8. Bb5 {[%clk 1:14:36]} 8... a6 {
[%clk 1:05:44]} 9. Bd3 {[%clk 1:09:25]} 9... Re8 {[%clk 0:58:07]} 10. Ne5 {
[%clk 1:05:00]} 10... Qc7 {[%clk 0:50:31]} 11. f4 {[%clk 1:01:48]} 11... b5 {
[%clk 0:44:11]} 12. Bh4 {[%clk 0:55:06]} 12... Be7 {[%clk 0:36:06]} 13. O-O {
[%clk 0:51:45]} 13... h6 {[%clk 0:27:20]} 14. Kh1 {[%clk 0:44:28]} 14... Nd7 {
[%clk 0:19:36]} 15. Qh5 {[%clk 0:37:31]} 15... Ndxe5 {[%clk 0:19:10]} 16. fxe5
{[%clk 0:37:49]} 16... Bxh4 {[%clk 0:19:29]} 17. Qxh4 {[%clk 0:38:12]} 17...
Qe7 {[%clk 0:14:19]} 18. Qh5 {[%clk 0:37:15]} 18... c4 {[%clk 0:02:45]} 19. Bc2
{[%clk 0:37:21]} 19... Qf8 {[%clk 0:01:02]} 20. Rf3 {[%clk 0:37:00]} 20... Kh8
{[%clk 0:00:49]} 21. Raf1 {[%clk 0:36:50]} 21... Ra7 {[%clk 0:01:12]} 22. Rxf7
{[%clk 0:35:40]} 22... Rxf7 {[%clk 0:01:29]} 23. Rxf7 {[%clk 0:36:08]} 23...
Qg8 {[%clk 0:01:33]} 24. Nf3 {[%clk 0:27:19]} 24... Ne7 {[%clk 0:00:37]} 25.
Nh4 {[%clk 0:23:37]} 25... Rf8 {[%clk 0:00:38]} 26. Rxf8 {[%clk 0:19:16]} 26...
Qxf8 {[%clk 0:00:56]} 27. Kg1 {[%clk 0:17:35]} 27... Bd7 {[%clk 0:00:57]} 28.
Qf3 {[%clk 0:15:41]} 28... Qe8 {[%clk 0:00:43]} 29. Qh3 {[%clk 0:13:18]} 29...
Qf7 {[%clk 0:00:43]} 30. Nf3 {[%clk 0:12:45]} 30... h5 {[%clk 0:00:41]} 31. Qg3
{[%clk 0:12:13]} 31... Nf5 {[%clk 0:00:38]} 32. Qg5 {[%clk 0:10:02]} 32... g6 {
[%clk 0:00:41]} 33. Bxf5 {[%clk 0:09:33]} 33... Qxf5 {[%clk 0:00:45]} 34. Qf6+
{[%clk 0:08:56]} 34... Qxf6 {[%clk 0:00:43]} 35. exf6 {[%clk 0:09:24]} 35...
Kg8 {[%clk 0:00:38]} 36. Ng5 {[%clk 0:09:18]} 36... Kf8 {[%clk 0:00:41]} 37.
Kf2 {[%clk 0:09:08]} 37... a5 {[%clk 0:00:44]} 38. a3 {[%clk 0:09:11]} 38... a4
{[%clk 0:00:38]} 39. Kf3 {[%clk 0:09:17]} 39... Be8 {[%clk 0:00:36]} 40. Kf4 {
[%clk 0:09:39]} 40... Bd7 {[%clk 0:00:46]} 41. Ke5 {[%clk 0:09:57]} 41... Ke8 {
[%clk 0:14:37]} 42. Kd6 {[%clk 0:25:09]} 42... Bc8 {[%clk 0:14:49]} 43. Kc7 {
[%clk 0:22:27]} 43... Ba6 {[%clk 0:14:47]} 44. Kb6 {[%clk 0:22:35]} 44... Bc8 {
[%clk 0:15:12]} 45. Kxb5 {[%clk 0:22:54]} 45... Bd7+ {[%clk 0:15:37]} 46. Kc5 {
[%clk 0:23:02]} 46... Bc8 {[%clk 0:15:43]} 47. Kd6 {[%clk 0:23:06]} 47... h4 {
[%clk 0:15:08]} 48. Ke5 {[%clk 0:23:15]} 48... Bd7 {[%clk 0:15:07]} 49. Nf3 {
[%clk 0:23:31]} 49... Kf7 {[%clk 0:15:09]} 50. Nxh4 {[%clk 0:23:42]} 50... g5 {
[%clk 0:14:40]} 51. Nf3 {[%clk 0:23:42]} 51... g4 {[%clk 0:14:16]} 52. Ng5+ {
[%clk 0:24:05]} 52... Kf8 {[%clk 0:14:35]} 53. Nxe6+ {[%clk 0:24:25]} 53...
Bxe6 {[%clk 0:14:28]} 54. Kxe6 {[%clk 0:24:53]} 54... Ke8 {[%clk 0:14:47]} 55.
h3 {[%clk 0:24:48]} 55... gxh3 {[%clk 0:14:40]} 56. gxh3 {[%clk 0:25:17]} 56...
Kf8 {[%clk 0:14:53]} 57. f7 {[%clk 0:25:34]} 57... Kg7 {[%clk 0:15:18]} 58. Ke7
{[%clk 0:25:58]} 58... Kg6 59. f8=Q 59... Kg5 {[%clk 0:15:22]} 60. Qf6+ { [%clk
0:26:04]} 60... Kh5 {[%clk 0:15:34]} 61. Qg7 {[%clk 0:26:25]} 1-0

[Event "DEM U12w 2018"]
[Site "Willingen GER"]
[Date "2018.05.26"]
[Round "11"]
[White "Sinner, Joselyne"]
[Black "Pohle, Saskia"]
[Result "1-0"]
[Termination "normal"]
[Board "4"]
[WhiteElo "1541"]
[BlackElo "1611"]
[WhiteClock "00:15:46"]
[BlackClock "00:04:04"]
[PlyCount "95"]
[WhiteFideId "16210387"]
[BlackFideId "16201604"]
[EventCountry "GER"]
[EventRounds "11"]
[EventType "swiss"]
[EventDate "2018.05.19"]

1. e4 {[%clk 1:15:59]} 1... e5 {[%clk 1:15:57]} 2. Nf3 {[%clk 1:16:22]} 2...
Nc6 {[%clk 1:16:24]} 3. Nc3 {[%clk 1:16:47]} 3... Nf6 {[%clk 1:16:50]} 4. Bb5 {
[%clk 1:17:09]} 4... Nd4 {[%clk 1:17:14]} 5. Bc4 {[%clk 1:17:24]} 5... Bc5 {
[%clk 1:17:35]} 6. O-O {[%clk 1:16:37]} 6... d6 {[%clk 1:10:54]} 7. h3 { [%clk
1:15:16]} 7... O-O {[%clk 1:08:17]} 8. d3 {[%clk 1:06:36]} 8... a6 { [%clk
1:07:06]} 9. a4 {[%clk 1:04:50]} 9... c6 {[%clk 0:59:21]} 10. Bg5 { [%clk
1:00:38]} 10... h6 {[%clk 0:54:13]} 11. Bh4 {[%clk 0:59:32]} 11... Re8 { [%clk
0:44:38]} 12. Ba2 {[%clk 0:55:26]} 12... Qe7 {[%clk 0:39:14]} 13. Nxd4 { [%clk
0:49:30]} 13... exd4 {[%clk 0:36:07]} 14. Ne2 {[%clk 0:48:36]} 14... d5 { [%clk
0:36:15]} 15. Bxf6 {[%clk 0:48:26]} 15... Qxf6 {[%clk 0:36:30]} 16. exd5 {[%clk
0:48:38]} 16... Qg5 {[%clk 0:36:37]} 17. dxc6 {[%clk 0:43:40]} 17... bxc6
{[%clk 0:31:32]} 18. Ng3 {[%clk 0:41:57]} 18... Bb6 {[%clk 0:24:53]} 19. Qh5
{[%clk 0:39:51]} 19... Qxh5 {[%clk 0:25:09]} 20. Nxh5 {[%clk 0:40:14]} 20...
Ba5 {[%clk 0:24:22]} 21. Ng3 {[%clk 0:39:32]} 21... Rb8 {[%clk 0:24:38]} 22.
Rab1 {[%clk 0:39:19]} 22... Re5 {[%clk 0:21:42]} 23. Ne4 {[%clk 0:36:29]} 23...
Bc7 {[%clk 0:19:53]} 24. Rfe1 {[%clk 0:32:42]} 24... Ba5 {[%clk 0:17:57]} 25.
Re2 {[%clk 0:31:11]} 25... Rb4 {[%clk 0:13:26]} 26. Bb3 {[%clk 0:28:55]} 26...
Be6 {[%clk 0:10:50]} 27. Bxe6 {[%clk 0:28:42]} 27... Rxe6 {[%clk 0:11:16] } 28.
b3 {[%clk 0:28:59]} 28... Kf8 {[%clk 0:10:12]} 29. Ng3 {[%clk 0:27:10]} 29...
Rf6 {[%clk 0:08:26]} 30. Re4 {[%clk 0:25:18]} 30... g6 {[%clk 0:05:06]} 31.
Rbe1 {[%clk 0:21:35]} 31... Rb8 {[%clk 0:04:45]} 32. R1e2 {[%clk 0:21:04]}
32... Rb4 {[%clk 0:05:02]} 33. Re8+ {[%clk 0:20:26]} 33... Kg7 {[%clk 0:05:26]}
34. Ra8 {[%clk 0:19:30]} 34... Rb6 {[%clk 0:05:37]} 35. Re5 {[%clk 0:19:12]}
35... Bb4 {[%clk 0:05:42]} 36. Ree8 {[%clk 0:19:11]} 36... Re6 {[%clk 0:04:29]}
37. Rg8+ {[%clk 0:18:31]} 37... Kf6 {[%clk 0:04:47]} 38. Ne4+ {[%clk 0:18:37]}
38... Ke5 {[%clk 0:04:14]} 39. Ra7 {[%clk 0:18:15]} 39... f5 {[%clk 0:04:19]}
40. Ng3 {[%clk 0:18:09]} 40... Kf6 {[%clk 0:04:34]} 41. Rag7 {[%clk 0:16:56]}
41... Re1+ {[%clk 0:03:38]} 42. Kh2 {[%clk 0:17:20]} 42... Rc1 {[%clk 0:03:44]}
43. Rxg6+ {[%clk 0:17:29]} 43... Kf7 {[%clk 0:03:34]} 44. R8g7+ {[%clk 0:16:28]
} 44... Ke8 {[%clk 0:03:43]} 45. Rxh6 {[%clk 0:15:58]} 45... Bf8 { [%clk
0:03:31]} 46. Rh8 {[%clk 0:15:57]} 46... Rb8 {[%clk 0:03:45]} 47. Nxf5 { [%clk
0:15:46]} 47... Re1 {[%clk 0:04:04]} 48. Nd6+ {[%clk 0:15:46]} 1-0

[Event "DEM U12w 2018"]
[Site "Willingen GER"]
[Date "2018.05.26"]
[Round "11"]
[White "Baltic, Sara"]
[Black "Schneider, Anna"]
[Result "1-0"]
[Termination "normal"]
[Board "5"]
[WhiteElo "1432"]
[BlackElo "1432"]
[WhiteClock "01:02:00"]
[BlackClock "00:51:31"]
[PlyCount "73"]
[WhiteFideId "16210409"]
[BlackFideId "16200527"]
[EventCountry "GER"]
[EventRounds "11"]
[EventType "swiss"]
[EventDate "2018.05.19"]

1. e4 {[%clk 1:15:58]} 1... e5 {[%clk 1:15:56]} 2. Nf3 {[%clk 1:16:23]} 2...
Nc6 {[%clk 1:16:22]} 3. Bc4 {[%clk 1:16:46]} 3... Bc5 {[%clk 1:16:46]} 4. O-O {
[%clk 1:17:09]} 4... Nf6 {[%clk 1:16:55]} 5. d4 {[%clk 1:17:31]} 5... Bxd4 {
[%clk 1:15:03]} 6. Nxd4 {[%clk 1:17:55]} 6... Nxd4 {[%clk 1:15:25]} 7. f4 {
[%clk 1:17:25]} 7... d6 {[%clk 1:15:34]} 8. fxe5 {[%clk 1:17:36]} 8... dxe5 {
[%clk 1:15:45]} 9. Bg5 {[%clk 1:17:43]} 9... h6 {[%clk 1:15:58]} 10. Bxf6 {
[%clk 1:17:48]} 10... gxf6 {[%clk 1:16:16]} 11. c3 {[%clk 1:17:40]} 11... Be6 {
[%clk 1:14:40]} 12. Na3 {[%clk 1:15:49]} 12... Bxc4 {[%clk 1:13:56]} 13. Nxc4 {
[%clk 1:15:16]} 13... Nc6 {[%clk 1:14:11]} 14. Qxd8+ {[%clk 1:13:44]} 14...
Rxd8 {[%clk 1:14:25]} 15. Rxf6 {[%clk 1:13:17]} 15... Ke7 {[%clk 1:13:51]} 16.
Raf1 {[%clk 1:13:23]} 16... Rh7 {[%clk 1:13:37]} 17. R6f3 {[%clk 1:09:23]}
17... Re8 {[%clk 1:10:02]} 18. Ne3 {[%clk 1:06:18]} 18... Rf8 {[%clk 1:06:51]}
19. Nd5+ {[%clk 1:06:14]} 19... Kd8 {[%clk 1:06:34]} 20. Rd3 {[%clk 1:05:57]}
20... Kc8 {[%clk 1:06:29]} 21. Nf6 {[%clk 1:04:53]} 21... Rg7 {[%clk 1:04:45]}
22. Nd7 {[%clk 1:04:11]} 22... Rfg8 {[%clk 1:02:49]} 23. g3 {[%clk 1:04:18]}
23... f5 {[%clk 1:00:24]} 24. Nf6 {[%clk 1:03:15]} 24... fxe4 {[%clk 0:58:57]}
25. Nxe4 {[%clk 1:02:07]} 25... h5 {[%clk 0:57:27]} 26. Nf6 {[%clk 1:01:59]}
26... Rh8 {[%clk 0:57:26]} 27. Nxh5 {[%clk 1:01:55]} 27... Rgh7 {[%clk 0:56:57]
} 28. g4 {[%clk 1:01:41]} 28... b6 {[%clk 0:56:54]} 29. Rf2 {[%clk 1:01:47]}
29... Rg7 {[%clk 0:55:34]} 30. Nxg7 {[%clk 1:00:54]} 30... Rg8 {[%clk 0:54:56]}
31. Rf7 {[%clk 0:59:43]} 31... e4 {[%clk 0:51:31]} 32. Rdd7 {[%clk 0:59:56]}
32... Ne5 {[%clk 0:50:42]} 33. Rxc7+ {[%clk 1:00:21]} 33... Kb8 {[%clk 0:51:03]
} 34. Rb7+ {[%clk 1:00:44]} 34... Kc8 {[%clk 0:51:13]} 35. Rfc7+ { [%clk
1:01:09]} 35... Kd8 {[%clk 0:51:11]} 36. Ne6+ {[%clk 1:01:34]} 36... Ke8 {[%clk
0:51:31]} 37. Re7# {[%clk 1:02:00]} 1-0